000 00348 a2200157 4500
001 50541
020 _a857208472X
040 _cAnchieta - Bela Vista
100 _aJosé, Elias
240 1 0 _aMágica terra brasileira
_lpor
245 1 0 _aMágica terra brasileira
300 _a37
362 0 _a2006
650 4 _aLiteratura juvenil
942 _cBK
999 _c50541
_d50541